La seguridad jurídica : instrumento y valor de la Magistratura /

Guardado en:
Autor Principal: Dalla Vía, Alberto R.
Formato: Libro
Idioma:Spanish
Publicado: Buenos Aires : La Ley; Departamento de publicaciones UBA, 2010.
Edición:1a. ed.
Materias:
Etiquetas: Agregar Etiqueta
Sin Etiquetas, Sea el primero en etiquetar este registro!
LEADER 00643nam a22001935a 4500
001 DER.der010988
008 180615s2010####ag#||||||||||||||#||spa||
005 20231130123644.0
245 1 0 |a La seguridad jurídica :  |b instrumento y valor de la Magistratura /  |c Alberto R. Dalla Vía. 
250 |a 1a. ed. 
260 |a Buenos Aires :  |b La Ley; Departamento de publicaciones UBA,  |c 2010. 
300 |a 126 p. 
020 |a 9789870317319 
100 1 |a Dalla Vía, Alberto R. 
650 7 |a DERECHO CONSTITUCIONAL 
650 7 |a DECISIONES JUDICIALES 
650 7 |a DERECHO AL DEBIDO PROCESO 
650 7 |a COSA JUZGADA 
859 |a DERECHO  |b BIB. DERECHO  |h 342  |i DAL  |p 006576